Giáo trình quy hoạch phát triển nông thôn
Những vấn đề cơ bản qui hoạch phát triển nông thôn (mục tiêu, nội dung, trình tự qui hoạch). Qui hoạch nông nghiệp về công nghiệp, thương mại, dịch vụ, kết cấu hạ tầng, khu dân cư, sử dụng đất đai nông thôn....
Na minha lista:
| Autor principal: | |
|---|---|
| Formato: | Livro |
| Idioma: | Undetermined |
| Publicado em: |
Hà Nội
Chính trị Quốc gia
2000
|
| Assuntos: | |
| Tags: |
Adicionar Tag
Sem tags, seja o primeiro a adicionar uma tag!
|
| Thư viện lưu trữ: | Trung tâm Học liệu Trường Đại học Cần Thơ |
|---|
| LEADER | 01087nam a2200229Ia 4500 | ||
|---|---|---|---|
| 001 | CTU_39790 | ||
| 008 | 210402s9999 xx 000 0 und d | ||
| 020 | |c 12000 | ||
| 082 | |a 307.1412 | ||
| 082 | |b Th116 | ||
| 100 | |a Lê, Đình Thắng | ||
| 245 | 0 | |a Giáo trình quy hoạch phát triển nông thôn | |
| 245 | 0 | |c Lê Đình Thắng (Chủ biên) | |
| 260 | |a Hà Nội | ||
| 260 | |b Chính trị Quốc gia | ||
| 260 | |c 2000 | ||
| 520 | |a Những vấn đề cơ bản qui hoạch phát triển nông thôn (mục tiêu, nội dung, trình tự qui hoạch). Qui hoạch nông nghiệp về công nghiệp, thương mại, dịch vụ, kết cấu hạ tầng, khu dân cư, sử dụng đất đai nông thôn. | ||
| 526 | |a Quy hoạch và phát triển nông thôn,Quản lý đô thị và khu dân cư nông thôn | ||
| 526 | |b NN255,NN780 | ||
| 650 | |a Rural development | ||
| 904 | |i Nguyễn Quang Điền, Giang sửa | ||
| 980 | |a Trung tâm Học liệu Trường Đại học Cần Thơ | ||